000 00551nam a2200169Ia 4500
008 190805s9999||||xx |||||||||||||| ||und||
020 _a9781259097430
_cRs. 725.00
082 0 4 _a302.35
_bL9771
100 1 _aLuthans, Fred
245 1 0 _aOrganisational Behaviour: an evidence-based approach /
_cFred Luthans
250 _a12th ed.
260 _aNew Delhi :
_bMcGraw Hill Education India,
_c2013, reprinted 2015
300 _axvii, 574 p.
_b : ill.
_c; 25 cm.
650 0 _aOrganizational behavior
_vTextbooks
942 _cBK
999 _c153
_d153